<?xml version="1.0" encoding="UTF-8"?><?xml-stylesheet type="text/xsl" href="static/style.xsl"?><OAI-PMH xmlns="http://www.openarchives.org/OAI/2.0/" xmlns:xsi="http://www.w3.org/2001/XMLSchema-instance" xsi:schemaLocation="http://www.openarchives.org/OAI/2.0/ http://www.openarchives.org/OAI/2.0/OAI-PMH.xsd"><responseDate>2026-06-01T02:50:03Z</responseDate><request verb="GetRecord" identifier="oai:riuma.uma.es:10630/6421" metadataPrefix="marc">https://riuma.uma.es/rest/oai/request</request><GetRecord><record><header><identifier>oai:riuma.uma.es:10630/6421</identifier><datestamp>2026-02-03T12:52:55Z</datestamp><setSpec>com_10630_5701</setSpec><setSpec>com_10630_3139</setSpec><setSpec>com_10630_10</setSpec><setSpec>col_10630_6408</setSpec></header><metadata><record xmlns="http://www.loc.gov/MARC21/slim" xmlns:dcterms="http://purl.org/dc/terms/" xmlns:doc="http://www.lyncode.com/xoai" xmlns:xsi="http://www.w3.org/2001/XMLSchema-instance" xsi:schemaLocation="http://www.loc.gov/MARC21/slim http://www.loc.gov/standards/marcxml/schema/MARC21slim.xsd">
   <leader>00925njm 22002777a 4500</leader>
   <datafield ind2=" " ind1=" " tag="042">
      <subfield code="a">dc</subfield>
   </datafield>
   <datafield ind2=" " ind1=" " tag="720">
      <subfield code="a">López Beltrán, María Teresa</subfield>
      <subfield code="e">author</subfield>
   </datafield>
   <datafield ind2=" " ind1=" " tag="260">
      <subfield code="c">2011</subfield>
   </datafield>
   <datafield ind2=" " ind1=" " tag="520">
      <subfield code="a">Tras la incorporación de Vélez-Málaga a Castilla, los Reyes Católicos hicieron merced a su tesorero Ruy López de Toledo de la aduana musulmana de Vélez Málaga, ubicada en la Torre de la Mar, que en época cristiana siguió canalizando la recaudación de impuestos que gravaban las actividades pesqueras y mercantiles, especialmente la comercialización y exportación de los frutos secos, eje fundamental de la economía veleña. Aquella merced, que neutralizaba cualquier intento del concejo de hacer que el uso de aquel espacio económico revirtiera en su deficitaria hacienda, dio origen a un pleito entre la ciudad y el beneficiario de la merced, que no se zanjó hasta que el tesorero real renunció a ella en 1517</subfield>
   </datafield>
   <datafield ind2=" " ind1=" " tag="520">
      <subfield code="a">Soon after joining Velez-Malaga settlement to the Castile Kingdom, the Catholic Monarchs granted the former Muslim Custom House, then placed in the nearby Torre del Mar, to their treasurer Rui López de Toledo. The now Christian Customs House continued channeling the charge of excise duties on fishing and merchant activities, mainly the marketing and exportation of dry fruits, which constituted the cornerstone of Velez town economy. This royal charter grant in favour of Rui Lopez de Toledo blocked any attempt by the town council to make use of the excise duties income mentioned above for the benefit of the town then worsening economy and gave rise to a long dispute between the Velez town council and the royal beneficiary which ended when Rui López de Toledo dropped his right to the royal grant</subfield>
   </datafield>
   <datafield ind1="8" ind2=" " tag="024">
      <subfield code="a">LÓPEZ BELTRÁN, MARÍA TERESA "Merced de la tenencia de la Torre de la Mar de Vélez-Málaga al tesorero Ruy López de Toledo (1847-1517)" Baética, 33, 2011, 225-252</subfield>
   </datafield>
   <datafield ind1="8" ind2=" " tag="024">
      <subfield code="a">0210-9506</subfield>
   </datafield>
   <datafield ind1="8" ind2=" " tag="024">
      <subfield code="a">http://hdl.handle.net/10630/6421</subfield>
   </datafield>
   <datafield tag="653" ind2=" " ind1=" ">
      <subfield code="a">Torre del Mar (Málaga) - Historia - 1492-1517</subfield>
   </datafield>
   <datafield ind2="0" ind1="0" tag="245">
      <subfield code="a">Merced de la tenencia de la Torre de la Mar de Vélez-Málaga al tesorero Ruy López de Toledo (1847-1517)</subfield>
   </datafield>
</record>
</metadata></record></GetRecord></OAI-PMH>